[Event "Open"]
[Site "Vercelli ITA"]
[Date "2014.06.14"]
[Round "3"]
[White "Quirico, Paolo"]
[Black "Profumo, Alberto"]
[WhiteElo "2096"]
[BlackElo "2256"]
[Result "1-0"]
[PlyCount "73"]
[EventDate "2014.06.13"]

1. d4 Nf6 2. Nf3 g6 3. Bf4 c5 4. c3 Qb6 5. Qb3 Bg7 6. e3 O-O 7. Nbd2 d6 8. h3
Qxb3 9. Nxb3 b6 10. Be2 Bb7 11. O-O Nbd7 12. Rfd1 Ne4 13. Nbd2 h6 14. Nxe4 Bxe4
15. Nd2 Bb7 16. Bf3 Bxf3 17. Nxf3 cxd4 18. exd4 b5 19. Re1 Rfe8 20. a4 e5 21.
dxe5 dxe5 22. Be3 a6 23. Red1 Nf8 24. axb5 axb5 25. Rxa8 Rxa8 26. Rd5 e4 27.
Nd2 b4 28. cxb4 Bxb2 29. Nxe4 Ra1+ 30. Kh2 Bg7 31. b5 Rb1 32. b6 f5 33. Nd6 Ne6
34. Nb5 f4 35. b7 fxe3 36. b8=Q+ Nf8 37. fxe3 1-0

[Event "Open"]
[Site "Vercelli ITA"]
[Date "2014.06.14"]
[Round "3"]
[White "Ranieri, Fabrizio"]
[Black "Montilli, Vincenzo"]
[WhiteElo "2282"]
[BlackElo "2060"]
[Result "1/2-1/2"]
[PlyCount "42"]
[EventDate "2014.06.13"]

1. e4 c5 2. Nf3 d6 3. d4 cxd4 4. Nxd4 Nf6 5. Nc3 a6 6. Bg5 e6 7. f4 Be7 8. Qf3
h6 9. Bh4 Nbd7 10. O-O-O Qc7 11. Bd3 g5 12. fxg5 Ne5 13. Qe2 Nfg4 14. Nf3 hxg5
15. Bg3 Bd7 16. Rdf1 Qc5 17. Nxe5 Nxe5 18. Kb1 Rh7 19. h3 O-O-O 20. Bf2 Qc7 21.
Qe3 Rdh8 1/2-1/2

[Event "Open"]
[Site "Vercelli ITA"]
[Date "2014.06.14"]
[Round "3"]
[White "Rossini, Fulvio"]
[Black "Monticone, Sonia"]
[WhiteElo "1827"]
[BlackElo "1866"]
[Result "1-0"]
[PlyCount "161"]
[EventDate "2014.06.13"]

1. e4 c5 2. Nc3 e6 3. d3 Nc6 4. f4 g6 5. Nf3 Bg7 6. g3 Nge7 7. Bg2 b6 8. O-O
Bb7 9. h3 O-O 10. g4 f5 11. g5 a6 12. h4 b5 13. Ne2 e5 14. c3 d6 15. h5 gxh5
16. Ng3 Qe8 17. Nh4 Bc8 18. Ngxf5 Nxf5 19. exf5 Bxf5 20. Nxf5 Rxf5 21. Be4 Ne7
22. Qf3 Rf8 23. Bxa8 Qxa8 24. Qxa8 Rxa8 25. f5 Nd5 26. f6 Bf8 27. Bd2 Kf7 28.
Kh2 Nc7 29. Kg3 Ne6 30. Rf2 d5 31. Kh4 c4 32. dxc4 bxc4 33. Re1 Nc5 34. Rf3 Ne4
35. Bc1 Re8 36. Kxh5 a5 37. Rd1 Ke6 38. Rdf1 Kf7 39. Rg1 Re6 40. Rg2 a4 41. a3
Rc6 42. Kg4 Kg6 43. Rh2 h6 44. gxh6 Nxf6+ 45. Rxf6+ Rxf6 46. h7 Bg7 47. h8=N+
Bxh8 48. Rxh8 Rf1 49. Be3 Re1 50. Kf3 Rb1 51. Rh2 Kf5 52. Rc2 Rh1 53. Bf2 Rh3+
54. Bg3 e4+ 55. Kg2 Kg4 56. Be1 Re3 57. Kf1 Rf3+ 58. Ke2 Rh3 59. Rd2 Rh5 60.
Ke3 Rh1 61. Bf2 Rh5 62. Kd4 Kf3 63. Kc5 Rh8 64. Bd4 Rd8 65. Bg1 Rc8+ 66. Kb4
Rb8+ 67. Kxa4 e3 68. Bxe3 Kxe3 69. Rxd5 Rxb2 70. Rd4 Rb8 71. Ka5 Rb3 72. Rxc4
Kd3 73. Rc8 Rxa3+ 74. Kb4 Ra1 75. Rd8+ Ke4 76. c4 Ra7 77. Kb5 Rc7 78. c5 Ke5
79. Kb6 Rf7 80. c6 Rf1 81. c7 1-0

[Event "Open"]
[Site "Vercelli ITA"]
[Date "2014.06.14"]
[Round "3"]
[White "Sbarra, Marco"]
[Black "Bussa, Paolo"]
[WhiteElo "2241"]
[BlackElo "1830"]
[Result "1-0"]
[PlyCount "63"]
[EventDate "2014.06.13"]

1. d4 Nf6 2. c4 e6 3. Nc3 Bb4 4. Qc2 O-O 5. a3 Bxc3+ 6. Qxc3 d5 7. Bg5 Nbd7 8.
e3 h6 9. Bh4 c6 10. Nf3 Re8 11. Be2 b6 12. cxd5 cxd5 13. Qc6 Rb8 14. Qa4 Ra8
15. Bb5 g5 16. Bc6 a5 17. Bxa8 gxh4 18. Bc6 Re7 19. O-O Nb8 20. Ne5 Rc7 21. Bb5
Ne4 22. Rfc1 h3 23. Rxc7 Qxc7 24. Qd1 hxg2 25. Rc1 Qd8 26. Qg4+ Kh7 27. Bd3 Nd7
28. Nxf7 Qf6 29. Bxe4+ dxe4 30. Qxe4+ Kg7 31. Qxg2+ Kxf7 32. Rxc8 1-0

[Event "Open"]
[Site "Vercelli ITA"]
[Date "2014.06.14"]
[Round "3"]
[White "Sorcinelli, Francesco"]
[Black "Ronzano, Luca"]
[WhiteElo "2168"]
[BlackElo "1899"]
[Result "1-0"]
[PlyCount "85"]
[EventDate "2014.06.13"]

1. e4 d5 2. exd5 Nf6 3. Nf3 Bg4 4. d4 Qxd5 5. Be2 Nc6 6. O-O O-O-O 7. Be3 Qf5
8. c4 e5 9. d5 e4 10. Nd4 Nxd4 11. Bxd4 Bd6 12. Bxf6 Bxe2 13. Qxe2 gxf6 14. Nc3
Qe5 15. f4 exf3 16. Qxe5 Bc5+ 17. Kh1 fxg2+ 18. Kxg2 fxe5 19. Rxf7 Rhg8+ 20.
Kf3 Rdf8 21. Rxf8+ Rxf8+ 22. Ke4 Bd6 23. Rg1 Rf7 24. Rg5 Kd7 25. Kd3 b6 26. Ne4
c6 27. Rg3 Be7 28. Rh3 cxd5 29. cxd5 Rg7 30. Rh6 Bf8 31. Nf6+ Kd6 32. Rxh7 Rxh7
33. Nxh7 Bg7 34. Ke4 Ke7 35. Ng5 a5 36. a4 Bf6 37. Nf3 Kd6 38. h4 Bh8 39. h5
Bg7 40. b3 Bf6 41. h6 Bh8 42. h7 Bf6 43. Nh4 1-0

[Event "Open"]
[Site "Vercelli ITA"]
[Date "2014.06.14"]
[Round "3"]
[White "Sumets, Andrey"]
[Black "Siclari, Giovanni"]
[WhiteElo "2640"]
[BlackElo "2137"]
[Result "1-0"]
[PlyCount "69"]
[EventDate "2014.06.13"]

1. d4 Nf6 2. c4 e6 3. g3 d5 4. Nf3 Be7 5. Bg2 O-O 6. Qc2 c5 7. dxc5 Qa5+ 8. Nc3
dxc4 9. O-O Nc6 10. Bg5 Qxc5 11. Rfd1 Qf5 12. Qa4 e5 13. Qxc4 Be6 14. Qb5 e4
15. Qxf5 Bxf5 16. Nd2 Rfe8 17. Bxf6 Bxf6 18. Ndxe4 Bxe4 19. Nxe4 Be7 20. Rd7
Rab8 21. Rad1 Kf8 22. e3 Red8 23. Nc3 Ke8 24. Rxb7 Rxd1+ 25. Nxd1 Rxb7 26.
Bxc6+ Rd7 27. Nc3 Kd8 28. Bxd7 Kxd7 29. Kf1 Kc6 30. Ke2 f5 31. Kd3 Bf6 32. Kc4
g5 33. b4 a6 34. Ne2 Kd6 35. f4 1-0

[Event "Open"]
[Site "Vercelli ITA"]
[Date "2014.06.14"]
[Round "3"]
[White "Ubezio, Marco"]
[Black "Finocchiaro, Gianluca"]
[WhiteElo "2113"]
[BlackElo "2093"]
[Result "1/2-1/2"]
[PlyCount "36"]
[EventDate "2014.06.13"]

1. e4 d5 2. exd5 Qxd5 3. Nf3 Bg4 4. Be2 Nc6 5. d4 O-O-O 6. Be3 e5 7. dxe5 Qxd1+
8. Bxd1 Nxe5 9. Nbd2 Nxf3+ 10. Nxf3 f6 11. O-O Ne7 12. Nd4 Bxd1 13. Raxd1 Nd5
14. Ne6 Rd6 15. Nxf8 Nxe3 16. Rxd6 Nxf1 17. Re6 Rxf8 18. Kxf1 Kd7 1/2-1/2

[Event "Open"]
[Site "Vercelli ITA"]
[Date "2014.06.15"]
[Round "4"]
[White "Briata, Federico"]
[Black "Sbarra, Marco"]
[WhiteElo "1966"]
[BlackElo "2241"]
[Result "0-1"]
[PlyCount "90"]
[EventDate "2014.06.13"]

1. e4 e5 2. Nf3 Nc6 3. d4 exd4 4. Nxd4 Nf6 5. Nxc6 bxc6 6. e5 Qe7 7. Qe2 Nd5 8.
c4 Nb6 9. Nc3 Qe6 10. b3 a5 11. Bb2 a4 12. O-O-O axb3 13. axb3 Ba3 14. f4 O-O
15. Bxa3 Rxa3 16. Qb2 Qe7 17. Bd3 Qb4 18. Kc2 d5 19. exd6 cxd6 20. Ra1 Rxa1 21.
Rxa1 Qc5 22. Ne4 Qh5 23. Qd4 Bf5 24. Re1 Bxe4 25. Bxe4 Qa5 26. Ra1 Qb4 27. Bxc6
Rb8 28. Bb5 d5 29. Ra6 Qd6 30. Qe5 Qd8 31. Qc3 Rc8 32. Qd4 Na8 33. Rc6 Qa5 34.
Kd3 Rd8 35. Qc3 dxc4+ 36. Kxc4 Nb6+ 37. Rxb6 Qxb6 38. Qe5 Qf2 39. Qe4 Qd2 40.
Ba4 Rc8+ 41. Bc6 Qd6 42. Kb5 Rb8+ 43. Bb7 Qc7 44. Ka6 Rd8 45. b4 Rd6+ 0-1

[Event "Open"]
[Site "Vercelli ITA"]
[Date "2014.06.15"]
[Round "4"]
[White "Finocchiaro, Gianluca"]
[Black "Bergero, Simone"]
[WhiteElo "2093"]
[BlackElo "1809"]
[Result "1-0"]
[PlyCount "55"]
[EventDate "2014.06.13"]

1. e4 c5 2. d4 cxd4 3. c3 g6 4. cxd4 d5 5. Nc3 dxe4 6. Bc4 Nf6 7. Qb3 e6 8. d5
Qd6 9. dxe6 Bxe6 10. Qxb7 Bxc4 11. Qc8+ Ke7 12. Qxc4 Nc6 13. Bg5 Bg7 14. Rd1
Ne5 15. Qxe4 Qe6 16. Nge2 Rhd8 17. Qb4+ Ke8 18. O-O Qc4 19. Qa3 Qg4 20. Bxf6
Bxf6 21. Nb5 Be7 22. Qe3 Nc4 23. Qc3 Bd6 24. Nxd6+ Nxd6 25. Nd4 Nf5 26. Rfe1+
Ne7 27. Rxe7+ Kxe7 28. Nc6+ 1-0

[Event "Open"]
[Site "Vercelli ITA"]
[Date "2014.06.15"]
[Round "4"]
[White "Gromovs, Sergejs"]
[Black "Favoni, Matteo"]
[WhiteElo "2196"]
[BlackElo "2004"]
[Result "1-0"]
[PlyCount "75"]
[EventDate "2014.06.13"]

1. d4 Nf6 2. Nf3 g6 3. c4 Bg7 4. Nc3 d5 5. Qa4+ Bd7 6. Qb3 Bc6 7. Bg5 dxc4 8.
Qxc4 Ne4 9. Nxe4 Bxe4 10. e3 O-O 11. Be2 Nc6 12. O-O Qd5 13. Qxd5 Bxd5 14. Rfc1
f6 15. Bh4 Rad8 16. a3 Rd7 17. b4 e5 18. b5 Na5 19. Rd1 Nb3 20. Rab1 exd4 21.
Nxd4 Nxd4 22. Rxd4 Rfd8 23. Rbd1 c6 24. f3 Re8 25. Bf2 f5 26. Ra4 Bh6 27. e4
fxe4 28. fxe4 Rde7 29. exd5 Rxe2 30. bxc6 bxc6 31. d6 Rd8 32. Rxa7 Bf8 33. Kf1
Re6 34. d7 Rf6 35. Rc7 Bxa3 36. Rc8 Rff8 37. Rxd8 Rxd8 38. Bh4 1-0

[Event "Open"]
[Site "Vercelli ITA"]
[Date "2014.06.15"]
[Round "4"]
[White "Llupa, Oltjon"]
[Black "Ljubisavljevic, Zivojin Z."]
[WhiteElo "1944"]
[BlackElo "2138"]
[Result "0-1"]
[PlyCount "98"]
[EventDate "2014.06.13"]

1. d4 Nf6 2. c4 e6 3. Nf3 c5 4. d5 b5 5. e3 Bb7 6. dxe6 fxe6 7. cxb5 d5 8. Nc3
Bd6 9. Bd3 O-O 10. O-O Nbd7 11. Ne2 Qe7 12. Ng3 g6 13. Qe2 Ng4 14. e4 Rxf3 15.
gxf3 Nge5 16. f4 Nxd3 17. Qxd3 Qh4 18. e5 Bc7 19. b3 Rf8 20. Re1 Ba5 21. Re2 d4
22. a3 Bc3 23. Raa2 Bd5 24. Rac2 g5 25. f5 g4 26. Rxc3 dxc3 27. Ne4 Nxe5 28.
Qg3 Nf3+ 29. Kg2 exf5 30. Nxc3 Nd4+ 31. Nxd5 Qxg3+ 32. hxg3 Nxe2 33. Be3 Nd4
34. b4 Rd8 35. Ne7+ Kf7 36. Nc6 Nxc6 37. bxc6 cxb4 38. axb4 a6 39. c7 Rc8 40.
Bb6 Ke6 41. f3 Kd7 42. Kf2 Rxc7 43. Bxc7 Kxc7 44. Ke3 Kc6 45. fxg4 fxg4 46. Kd4
Kb5 47. Kc3 h5 48. Kb3 h4 49. gxh4 g3 0-1

[Event "Open"]
[Site "Vercelli ITA"]
[Date "2014.06.15"]
[Round "4"]
[White "Megna, Giuseppe"]
[Black "Borin, Fabio"]
[WhiteElo "1825"]
[BlackElo "2104"]
[Result "0-1"]
[PlyCount "50"]
[EventDate "2014.06.13"]

1. d4 d5 2. c4 dxc4 3. Nc3 e5 4. d5 Nf6 5. e4 b5 6. Nxb5 Nxe4 7. Bxc4 Bc5 8.
Nf3 Nxf2 9. Qe2 Nxh1 10. Bg5 f6 11. Bh4 Bd6 12. O-O-O O-O 13. Rxh1 Nd7 14. g4
Nb6 15. Bd3 Bxg4 16. Rg1 Qd7 17. h3 Bxf3 18. Qxf3 f5 19. Qh5 e4 20. Nxd6 exd3
21. Nb7 d2+ 22. Kb1 Qxd5 23. Bg5 Qxb7 24. Bh6 Qe4+ 25. Ka1 Qe1+ 0-1

[Event "Open"]
[Site "Vercelli ITA"]
[Date "2014.06.15"]
[Round "4"]
[White "Montilli, Vincenzo"]
[Black "Sorcinelli, Francesco"]
[WhiteElo "2060"]
[BlackElo "2168"]
[Result "0-1"]
[PlyCount "106"]
[EventDate "2014.06.13"]

1. d4 Nf6 2. c4 g6 3. Nc3 Bg7 4. e4 d6 5. Nf3 O-O 6. h3 e5 7. d5 a5 8. Bg5 Na6
9. Be2 Qe8 10. g4 Kh8 11. Nd2 Ng8 12. h4 f6 13. Be3 f5 14. gxf5 gxf5 15. Bg5
Nf6 16. a3 Nc5 17. Be3 Ncxe4 18. Ndxe4 Nxe4 19. Nxe4 fxe4 20. Qd2 Bf5 21. O-O-O
Bf6 22. Rdg1 Qe7 23. h5 b6 24. Rg3 Rg8 25. Rhg1 Bh4 26. Rxg8+ Rxg8 27. Rxg8+
Kxg8 28. b4 axb4 29. axb4 Qg7 30. Kb2 Qg2 31. Bd1 Bg4 32. c5 Bxd1 33. Qxd1 bxc5
34. bxc5 Bg5 35. Bxg5 Qxg5 36. cxd6 cxd6 37. Qc2 Qxh5 38. Qc8+ Kg7 39. Qd7+ Qf7
40. Qg4+ Qg6 41. Qd7+ Kh6 42. Qh3+ Kg5 43. Qe3+ Kf6 44. Qb6 Kf5 45. Qd8 h5 46.
Qc8+ Kg5 47. Qd8+ Qf6 48. Qg8+ Kh6 49. Kc3 h4 50. Kc4 h3 51. Qg3 Qf3 52. Qh4+
Kg6 53. Kb5 e3 0-1

[Event "Open"]
[Site "Vercelli ITA"]
[Date "2014.06.15"]
[Round "4"]
[White "Ninov, Nikolai Ivanov"]
[Black "Quirico, Paolo"]
[WhiteElo "2436"]
[BlackElo "2096"]
[Result "1-0"]
[PlyCount "61"]
[EventDate "2014.06.13"]

1. e4 c5 2. Nf3 d6 3. d4 cxd4 4. Qxd4 Nc6 5. Bb5 Bd7 6. Qd3 g6 7. c4 Bg7 8. Nc3
Ne5 9. Nxe5 Bxe5 10. Bxd7+ Qxd7 11. O-O Bg7 12. Be3 Nf6 13. Rad1 b6 14. b3 Rd8
15. Bd4 O-O 16. a4 Qb7 17. Rfe1 Nd7 18. Bxg7 Kxg7 19. Nd5 Nc5 20. Qf3 Rde8 21.
b4 Ne6 22. e5 dxe5 23. Rxe5 Qc6 24. Qc3 Kg8 25. b5 Qc8 26. Rde1 Qd7 27. f4 Qd6
28. g4 Qc5+ 29. Kh1 Qf2 30. R5e2 Qh4 31. f5 1-0

[Event "Open"]
[Site "Vercelli ITA"]
[Date "2014.06.15"]
[Round "4"]
[White "Profumo, Alberto"]
[Black "Doromeychuk, Anton"]
[WhiteElo "2256"]
[BlackElo "1833"]
[Result "1-0"]
[PlyCount "61"]
[EventDate "2014.06.13"]

1. Nf3 d5 2. g3 c6 3. Bg2 Nf6 4. O-O e6 5. b3 Bd6 6. Bb2 O-O 7. d4 Nbd7 8. Nbd2
b6 9. c4 Ba6 10. Qc2 Rc8 11. e4 dxe4 12. Nxe4 Nxe4 13. Qxe4 Nf6 14. Qc2 c5 15.
Rfd1 Qe7 16. Ng5 g6 17. d5 e5 18. Re1 Ng4 19. Ne4 Rce8 20. h3 Nh6 21. g4 f6 22.
f4 Nf7 23. Re2 Bc8 24. Rf1 Bd7 25. Nxf6+ Qxf6 26. fxe5 Qe7 27. e6 Ne5 28. Rxf8+
Kxf8 29. Bxe5 Bxe5 30. Rxe5 Bc8 31. Re1 1-0

[Event "Open"]
[Site "Vercelli ITA"]
[Date "2014.06.15"]
[Round "4"]
[White "Ronzano, Luca"]
[Black "Ubezio, Marco"]
[WhiteElo "1899"]
[BlackElo "2113"]
[Result "0-1"]
[PlyCount "58"]
[EventDate "2014.06.13"]

1. d4 Nf6 2. Nc3 d5 3. e4 Nxe4 4. Nxe4 dxe4 5. Bc4 c6 6. c3 Qc7 7. f3 Bf5 8.
Qe2 e5 9. fxe4 Bg6 10. dxe5 Qxe5 11. Nf3 Qxe4 12. Bxf7+ Kd8 13. Bg5+ Kc7 14.
Qxe4 Bxe4 15. O-O-O Bd6 16. Nd4 Kb6 17. Ne6 Bd5 18. Be3+ Ka6 19. c4 Bxe6 20.
Bxe6 Bc7 21. c5 b5 22. Rhe1 Kb7 23. Bg4 Na6 24. Rd7 Rae8 25. a3 Nxc5 26. Rxg7
Nd3+ 27. Kd2 Nxe1 28. Bf4 Nxg2 29. Bxc7 Rhg8 0-1

[Event "Open"]
[Site "Vercelli ITA"]
[Date "2014.06.15"]
[Round "4"]
[White "Rossini, Fulvio"]
[Black "Ranieri, Fabrizio"]
[WhiteElo "1827"]
[BlackElo "2282"]
[Result "1/2-1/2"]
[PlyCount "213"]
[EventDate "2014.06.13"]

1. e4 e6 2. d4 d5 3. exd5 exd5 4. Bd3 Bd6 5. Nf3 Bg4 6. O-O Nc6 7. c3 Nge7 8.
Be3 Qd7 9. Nbd2 O-O-O 10. b4 Ng6 11. a4 Nce7 12. Qb3 Nf4 13. Bxf4 Bxf4 14. b5
Ng6 15. a5 Bxd2 16. Nxd2 Nf4 17. b6 a6 18. bxc7 Qxc7 19. c4 Kb8 20. Rfe1 dxc4
21. Bxc4 Rxd4 22. Bxa6 Rxd2 23. Rac1 Re2 24. Rf1 Qe7 25. Rb1 Bc8 26. Bxe2 Nxe2+
27. Kh1 Qe6 28. Qxe6 fxe6 29. a6 Rd8 30. axb7 Bxb7 31. Rb2 Nd4 32. Rfb1 Rd7 33.
Rd2 Rd5 34. Rdb2 Rd7 35. Rd2 e5 36. f4 Re7 37. fxe5 Nc6 38. Re2 Kc7 39. Kg1
Rxe5 40. Rxe5 Nxe5 41. h3 Bd5 42. Ra1 Kd6 43. Ra7 Nd7 44. Kf2 Be6 45. g4 Ke5
46. Kg3 Kf6 47. Ra6 Ne5 48. Ra7 h6 49. Ra6 g6 50. Rb6 Nf7 51. Ra6 Ke5 52. Ra5+
Bd5 53. Ra6 Nd6 54. Rb6 Be4 55. Rb8 Bd3 56. Rh8 Nf7 57. Re8+ Kf6 58. Rb8 Nd6
59. Rd8 Ke7 60. Rh8 Nf7 61. Rb8 Bc4 62. Rb7+ Kf6 63. Rb6+ Be6 64. Ra6 Ke5 65.
Ra5+ Bd5 66. Ra6 Nd6 67. Ra7 Ne4+ 68. Kh2 Kf4 69. Rh7 Kg5 70. Rh8 Nf6 71. Rf8
Ne4 72. Rh8 h5 73. gxh5 gxh5 74. Rf8 Be6 75. Rf3 Bf5 76. Rf1 Nc3 77. Rf3 Ne2
78. Rf2 Nf4 79. Rf3 Be4 80. Rb3 Nd5 81. Rb5 Kf4 82. Rb8 Ne3 83. Rf8+ Nf5 84.
Rf7 Ke3 85. Rh7 Bf3 86. Rh8 Kf2 87. Rb8 Ne3 88. Rb2+ Be2 89. Ra2 Nf5 90. Rb2
Nd4 91. Ra2 Nf3+ 92. Kh1 Kf1 93. Ra1+ Ne1 94. Kh2 Kf2 95. Ra2 h4 96. Rb2 Nf3+
97. Kh1 Ke3 98. Rb3+ Bd3 99. Kg2 Nd4 100. Ra3 Ke4 101. Ra4 Be2 102. Kf2 Bb5
103. Rxd4+ Kxd4 104. Kf3 Bd7 105. Kf4 Bxh3 106. Kg5 Bg4 107. Kxh4 1/2-1/2

[Event "Open"]
[Site "Vercelli ITA"]
[Date "2014.06.15"]
[Round "4"]
[White "Siclari, Giovanni"]
[Black "Brioschi, Camillo"]
[WhiteElo "2137"]
[BlackElo "1819"]
[Result "1-0"]
[PlyCount "45"]
[EventDate "2014.06.13"]

1. Nf3 d5 2. d4 c6 3. c4 Nf6 4. Nc3 e6 5. Bg5 h6 6. Bh4 dxc4 7. e4 g5 8. Bg3 b5
9. Be2 Bg7 10. h4 Nbd7 11. hxg5 hxg5 12. Rxh8+ Bxh8 13. Nxg5 Nf8 14. e5 Nd5 15.
Nce4 Qa5+ 16. Kf1 Ng6 17. Nd6+ Ke7 18. Ngxf7 Bd7 19. Bh5 Ndf4 20. Bxg6 Nxg6 21.
Qg4 Rg8 22. Nxh8 Rxh8 23. Qg5+ 1-0

[Event "Open"]
[Site "Vercelli ITA"]
[Date "2014.06.15"]
[Round "4"]
[White "Yao, Stefano"]
[Black "Sumets, Andrey"]
[WhiteElo "2152"]
[BlackElo "2640"]
[Result "0-1"]
[PlyCount "140"]
[EventDate "2014.06.13"]

1. Nf3 d5 2. c4 e6 3. g3 Nf6 4. Bg2 Be7 5. O-O a6 6. Qc2 c5 7. cxd5 exd5 8. d4
cxd4 9. Nxd4 O-O 10. Rd1 Bg4 11. Be3 Qd7 12. Nc3 Nc6 13. Nxc6 bxc6 14. Na4 Bf5
15. Qc3 Qe6 16. Rac1 Ng4 17. Bd4 Bf6 18. Bxf6 Nxf6 19. e3 Bh3 20. Nc5 Qf5 21.
Rd4 Bxg2 22. Kxg2 Rfe8 23. Rf4 Qc8 24. Rd1 a5 25. h3 Qd8 26. Rdd4 Nh5 27. Rf3
Ra7 28. Rh4 Nf6 29. Rf5 Qd6 30. Ra4 Rea8 31. Raf4 Ne8 32. Rg4 g6 33. Rf3 Rb8
34. a4 Qe7 35. Nd3 Qd6 36. h4 Rc8 37. Nc5 h5 38. Rgf4 Rcc7 39. g4 hxg4 40. Rxg4
Ng7 41. Rg5 Re7 42. h5 d4 43. Qxd4 Qxd4 44. exd4 Nxh5 45. Nb3 Re4 46. Rc3 Re2
47. Rxa5 Rb7 48. Kf3 Rxb2 49. Nc5 R7b4 50. Nd3 R4b3 51. Rac5 Rxc3 52. Rxc3 Ra2
53. Rc4 Ra3 54. Ke2 Kg7 55. Ne5 Nf4+ 56. Kd2 Nd5 57. Nxc6 Ra2+ 58. Kd3 Nb6 59.
Rb4 Nxa4 60. Kc4 Rc2+ 61. Kd5 Nc3+ 62. Kd6 Rxf2 63. Ne5 Rf4 64. Kc5 g5 65. Kc4
Ne4 66. Kd3 Nd6 67. Rb6 Nf5 68. Nc6 g4 69. Rb7 g3 70. Ne5 g2 0-1

[Event "Open"]
[Site "Vercelli ITA"]
[Date "2014.06.15"]
[Round "5"]
[White "Barbero, Marco"]
[Black "Forno, Diego"]
[WhiteElo "1980"]
[BlackElo "1710"]
[Result "1-0"]
[PlyCount "87"]
[EventDate "2014.06.13"]

1. e4 c5 2. Nf3 d6 3. d4 cxd4 4. Nxd4 Nf6 5. Nc3 a6 6. Bc4 e6 7. Bb3 Be7 8. f4
b5 9. e5 dxe5 10. fxe5 Nfd7 11. Bxe6 Nxe5 12. Bxc8 Qxc8 13. Nd5 Qc5 14. Nf5 Bf8
15. Be3 Qc6 16. Qd4 Nbd7 17. Qe4 g6 18. Nc7+ Qxc7 19. Qxa8+ Nb8 20. O-O gxf5
21. Rxf5 Bd6 22. Bh6 Rg8 23. Re1 Kd8 24. Rd1 Kc8 25. Qe4 Ng4 26. Bf4 Qa7+ 27.
Qd4 Qxd4+ 28. Rxd4 Bxf4 29. Rdxf4 Ne3 30. Rc5+ Kb7 31. g3 Rg7 32. Re5 Ng4 33.
Re7+ Kc6 34. Rfxf7 Rg6 35. Rxh7 Nf6 36. Re6+ Kd5 37. Rb6 Kc5 38. Re6 Kd5 39.
Rhe7 Nc6 40. Re8 Nd4 41. Rxa6 Rh6 42. Kg2 Rg6 43. Rd8+ Ke5 44. Rdd6 1-0

[Event "Open"]
[Site "Vercelli ITA"]
[Date "2014.06.15"]
[Round "5"]
[White "Bardone, Lorenzo"]
[Black "Profumo, Alberto"]
[WhiteElo "2017"]
[BlackElo "2256"]
[Result "1/2-1/2"]
[PlyCount "111"]
[EventDate "2014.06.13"]

1. e4 c6 2. d4 d5 3. e5 Bf5 4. Nf3 e6 5. Be2 Ne7 6. O-O c5 7. c4 Nbc6 8. Nc3 a6
9. Bg5 h6 10. Bxe7 Bxe7 11. cxd5 exd5 12. Re1 O-O 13. Rc1 c4 14. h3 b5 15. g4
Bh7 16. a3 Na5 17. Nd2 Bg5 18. Bf3 Ra7 19. Bxd5 Rd7 20. e6 Rxd5 21. e7 Bxe7 22.
Nxd5 Bg5 23. Ne3 Qxd4 24. Nf3 Qxb2 25. Nxg5 hxg5 26. Qd6 Nb3 27. Rcd1 Bd3 28.
Nf5 g6 29. Ng3 Nd4 30. Kg2 Nc2 31. Re7 a5 32. Qc5 b4 33. Qxg5 Qg7 34. Ne4 Bxe4+
35. Rxe4 bxa3 36. Rxc4 a2 37. Rxc2 a1=Q 38. Rxa1 Qxa1 39. Qd5 Qb1 40. Ra2 Re8
41. Rxa5 Qe4+ 42. Qxe4 Rxe4 43. Kg3 Kg7 44. h4 Rb4 45. g5 Rb3+ 46. f3 Rb2 47.
Ra6 Rb3 48. Kg4 Rb4+ 49. f4 Rb1 50. h5 Rg1+ 51. Kf3 gxh5 52. Rh6 Rh1 53. Kg2
Rh4 54. Kg3 Rg4+ 55. Kf3 Rh4 56. Kg3 1/2-1/2

[Event "Open"]
[Site "Vercelli ITA"]
[Date "2014.06.15"]
[Round "5"]
[White "Caldi, Mario"]
[Black "Montilli, Vincenzo"]
[WhiteElo "1858"]
[BlackElo "2060"]
[Result "0-1"]
[PlyCount "82"]
[EventDate "2014.06.13"]

1. e4 c5 2. Nf3 d6 3. Bb5+ Bd7 4. Bxd7+ Qxd7 5. c4 Qg4 6. O-O Qxe4 7. d3 Qc6 8.
Nc3 Nf6 9. Bg5 e6 10. Re1 Be7 11. Ne4 O-O 12. Nxf6+ Bxf6 13. Bxf6 gxf6 14. Nh4
Qd7 15. Qh5 Kh8 16. Qh6 Qd8 17. Re3 Rg8 18. Rae1 Nd7 19. Rh3 Rg7 20. Ree3 f5
21. Reg3 Qf6 22. Qf4 Qxb2 23. Kf1 Qa1+ 24. Ke2 Qe5+ 25. Qe3 Rxg3 26. Qxe5+ Nxe5
27. Rxg3 Rb8 28. a4 a6 29. Nf3 Nxf3 30. Rxf3 Kg7 31. Ke3 b5 32. cxb5 axb5 33.
axb5 Rxb5 34. Rg3+ Kh8 35. h4 Rb4 36. Rh3 Kg7 37. f4 c4 38. Rg3+ Kf8 39. Kd2
cxd3 40. Rxd3 Rxf4 41. g3 Rg4 0-1

[Event "Open"]
[Site "Vercelli ITA"]
[Date "2014.06.15"]
[Round "5"]
[White "Costantino, Gian Franco"]
[Black "Siclari, Giovanni"]
[WhiteElo "1779"]
[BlackElo "2137"]
[Result "0-1"]
[PlyCount "50"]
[EventDate "2014.06.13"]

1. Nf3 Nf6 2. b3 c5 3. Bb2 Nc6 4. e3 g6 5. Bb5 Bg7 6. O-O O-O 7. Bxc6 bxc6 8.
c4 d6 9. h3 e5 10. d3 Nh5 11. Nc3 f5 12. Rb1 f4 13. e4 Qe8 14. Ba3 a5 15. Bc1
g5 16. Nxg5 Qg6 17. h4 h6 18. Nf3 Bh3 19. Ne1 f3 20. Kh2 fxg2 21. Rg1 Rxf2 22.
Qxh5 Qxh5 23. Kxh3 Raf8 24. Rxg2 Rxg2 25. Kxg2 Qg4+ 0-1

[Event "Open"]
[Site "Vercelli ITA"]
[Date "2014.06.15"]
[Round "5"]
[White "Di Chiara, Mauro"]
[Black "Faraoni, Enrico"]
[WhiteElo "1986"]
[BlackElo "2087"]
[Result "1/2-1/2"]
[PlyCount "59"]
[EventDate "2014.06.13"]

1. Nf3 h6 2. d4 g5 3. e4 d6 4. Bc4 Bg7 5. c3 Nc6 6. Qe2 e5 7. dxe5 dxe5 8. Nbd2
Qf6 9. Nf1 Bg4 10. Ne3 Bxf3 11. Qxf3 Qxf3 12. gxf3 Nge7 13. Nd5 O-O-O 14. Be3
Ng6 15. Bf1 f5 16. Bh3 g4 17. fxg4 fxe4 18. O-O-O Nd4 19. cxd4 Rxd5 20. dxe5
Rxd1+ 21. Rxd1 Nxe5 22. g5+ Kb8 23. gxh6 Bxh6 24. Bxh6 Nd3+ 25. Kb1 Rxh6 26.
Bf1 c5 27. Bxd3 exd3 28. Rxd3 Rxh2 29. Rd5 Rxf2 30. Rxc5 1/2-1/2

[Event "Open"]
[Site "Vercelli ITA"]
[Date "2014.06.15"]
[Round "5"]
[White "Favoni, Matteo"]
[Black "Yao, Stefano"]
[WhiteElo "2004"]
[BlackElo "2152"]
[Result "1/2-1/2"]
[PlyCount "34"]
[EventDate "2014.06.13"]

1. d4 Nf6 2. c4 e6 3. Nc3 d5 4. cxd5 exd5 5. Bg5 Be7 6. e3 O-O 7. Bd3 Nbd7 8.
Nge2 Re8 9. O-O Nf8 10. b4 Ng6 11. b5 Be6 12. Ng3 Nd7 13. Bxe7 Nxe7 14. Qc2 Nf6
15. Rfc1 c6 16. Rab1 Rb8 17. Qa4 Nd7 1/2-1/2

[Event "Open"]
[Site "Vercelli ITA"]
[Date "2014.06.15"]
[Round "5"]
[White "Ferraro, Gianluca"]
[Black "Nastro, Federico"]
[WhiteElo "1634"]
[BlackElo "1897"]
[Result "1/2-1/2"]
[PlyCount "97"]
[EventDate "2014.06.13"]

1. d4 Nf6 2. Nf3 c5 3. e3 e6 4. Bd3 d5 5. b3 Nc6 6. Bb2 b6 7. Nbd2 Be7 8. O-O
Bb7 9. Qe2 O-O 10. Rad1 Nb4 11. Ne5 Nxd3 12. Qxd3 Rc8 13. c4 dxc4 14. Qxc4 cxd4
15. Qxd4 Qxd4 16. Bxd4 Rc2 17. a4 Rfc8 18. Ndc4 h6 19. Ba1 Bd5 20. Rc1 Rxc1 21.
Rxc1 Ne4 22. Bb2 Bf6 23. f3 Bxe5 24. Bxe5 Nd2 25. Rc3 Nxc4 26. bxc4 Rxc4 27.
Rxc4 Bxc4 28. Bb8 a6 29. Ba7 b5 30. axb5 Bxb5 31. Bc5 f6 32. Kf2 Kf7 33. e4 h5
34. f4 a5 35. Ke3 Ke8 36. Kd4 Bf1 37. g3 Kd7 38. Bf8 g6 39. Kc5 Bd3 40. e5 fxe5
41. fxe5 a4 42. Kb6 g5 43. h4 g4 44. Ba3 Bc2 45. Bb4 Ke8 46. Kc5 Kf7 47. Kd4
Kg6 48. Ba3 Kf5 49. Bb4 1/2-1/2

[Event "Open"]
[Site "Vercelli ITA"]
[Date "2014.06.15"]
[Round "5"]
[White "Ranieri, Fabrizio"]
[Black "Borin, Fabio"]
[WhiteElo "2282"]
[BlackElo "2104"]
[Result "0-1"]
[PlyCount "54"]
[EventDate "2014.06.13"]

1. e4 e5 2. Nf3 Nf6 3. Bc4 Nxe4 4. Nc3 Nc6 5. Nxe4 d5 6. Bd3 dxe4 7. Bxe4 Bd6
8. d3 O-O 9. Bg5 Qe8 10. Nd2 f5 11. Bd5+ Be6 12. Bxe6+ Qxe6 13. Nb3 Qg6 14. Bd2
Qxg2 15. Rf1 e4 16. d4 Qxh2 17. Qe2 Bf4 18. O-O-O Bxd2+ 19. Nxd2 Qd6 20. Nb3 a5
21. Qc4+ Rf7 22. a4 Nb4 23. d5 c6 24. dxc6 Qxc6 25. Qe2 Rc8 26. Rd2 Qxa4 27.
Qe3 Rfc7 0-1